[Event "ALG-ch U20"]
[Site "Tiaret"]
[Date "2019.06.28"]
[Round "6"]
[White "Bounakala, Redha"]
[Black "Tahir, Abderrahmane"]
[Result "0-1"]
[WhiteElo "1300"]
[BlackElo "1611"]
[PlyCount "48"]
[EventDate "2019.06.26"]
[EventType "swiss"]
[EventRounds "9"]
[EventCountry "ALG"]
[SourceTitle "EXT 2020"]
[Source "ChessBase"]
[SourceDate "2019.10.17"]
[SourceVersion "1"]
[SourceVersionDate "2019.10.17"]
[SourceQuality "1"]

1. e4 c5 2. Nf3 d6 3. d4 cxd4 4. Nxd4 Nf6 5. Nc3 a6 6. Bg5 e6 7. f4 Be7 8. Qf3 Nbd7 9. 0-0-0 Qc7 10. Bd3 b5 11. Rhe1 Bb7 12. Qg3 Nc5 13. Bxf6 Nxd3+ 14. Rxd3 gxf6 15. Qg7 Rf8 16. e5 fxe5 17. fxe5 dxe5 18. Rxe5 Bd6 19. Nxe6 fxe6 20. Rxe6+ Be7 21. Rde3 0-0-0 22. Rxe7 Rf1+ 23. Re1 Rxe1+ 24. Rxe1 Qxg7 0-1